| 000 | 01037nam a2200205 4500 | ||
|---|---|---|---|
| 999 |
_c8106 _d8106 |
||
| 020 | _a9781608313983 | ||
| 050 |
_aQP514.2 _b.L62 |
||
| 100 | _aLieberman, Michael | ||
| 245 |
_aMarks' basic medical biochemistry : a clinical approach _cby Michael Lieberman and Allan D. Marks |
||
| 250 | _a3rd ed. | ||
| 260 |
_aPhiladelphia _bWolters Kluwer Health/Lippincott Williams & Wilkins _c2009 |
||
| 300 |
_ax, 1011 pages : _billustrations (chiefly color) ; _c28 cm |
||
| 500 | _aIncludes Index | ||
| 505 | _a Sect. 1. Fuel Metabolism -- Sect. 2. Chemical and Biologic Foundations of Biochemistry -- Sect. 3. Gene Expression and the Synthesis of Proteins -- Sect. 4. Fuel Oxidation and the Generation of ATP -- Sect. 5. Carbohydrate Metabolism -- Sect. 6. Lipid Metabolism -- Sect. 7. Nitrogen Metabolism -- Sect. 8. Tissue Metabolism -- Appendix. Answers to Review Questions. | ||
| 650 | _aNursing | ||
| 650 |
_aClinical biochemistry. _xBiochemistry. |
||
| 650 | _aClinical Medicine. | ||
| 700 | _aMarks, Allan | ||
| 942 | _cBK | ||